000 00989cam a22002891 4500
001 9709467
003 ARRUPE
005 20161128113119.0
008 760519s1937 enk 001 0 eng
010 _a 37016533
035 _a(OCoLC)2183526
040 _aDLC
_cGU
_dDLC
042 _apremarc
050 0 0 _aBR100
_b.C35
082 _a201
100 1 _aCarpenter, Spencer Cecil,
_d1877-
_927571
245 1 4 _aThe Bible view of life;
_bthe Scott Holland memorial lectures, 1936,
_cby the Very Rev. S. C. Carpenter.
260 _aLondon,
_bEyre and Spottiswoode,
_c1937.
300 _a 269 p.
_c23 cm.
500 _aChapters VI and VII are taken from the author's A parson's defense. cf. p. 13.
500 _a"In piam memoriam. H. S. H.": p. 15-48.
600 1 0 _aHolland, Henry Scott,
_d1847-1918.
_927572
650 0 _aChristianity
_xPhilosophy.
_927573
650 0 _aEthics in the Bible.
_93619
906 _a7
_bcbc
_coclcrpl
_du
_encip
_f19
_gy-gencatlg
942 _2lcc
_cMONOGRAPH
999 _c125765
_d125765